Thiết kế mạch đếm sản phẩm dùng vi điều khiển 8051 (đếm 2 loại sản phẩm khác nhau)

Thực hiện mạch đếm sản phẩm đi qua và đếm sản phẩm bằng phương pháp đếm mức logic. Như vậy, mỗi sản phẩm đi qua cảm biến sẽ nhận và tạo ra một tín hiệu mức 0 đưa về khối xử lí trung tâm để tăng dần số đếm đồng thời sẽ hiển thị ra led 7 đoạn số sản phẩm đi qua....

وصف كامل

محفوظ في:
التفاصيل البيبلوغرافية
المؤلف الرئيسي: Nguyễn Thị Kim Thoa
مؤلفون آخرون: Lê Xứng (Hướng dẫn)
التنسيق: كتاب
اللغة:Vietnamese
منشور في: Đà Nẵng Đại học Sư phạm, Đại học Đà Nẵng 2013
الموضوعات:
الوسوم: إضافة وسم
لا توجد وسوم, كن أول من يضع وسما على هذه التسجيلة!
Thư viện lưu trữ: Mạng thư viện Đại học Đà Nẵng
LEADER 01893nam a2200385 4500
001 000019176
003 15611
005 20140324130339.0
008 140320s2013 viesd
041 |a vie 
072 |a VL 
082 1 4 |a 621.381  |b NG-T 
100 1 |a Nguyễn Thị Kim Thoa 
245 1 0 |a Thiết kế mạch đếm sản phẩm dùng vi điều khiển 8051 (đếm 2 loại sản phẩm khác nhau)  |c Nguyễn Thị Kim Thoa ; Lê Xứng hướng dẫn  |k Khóa luận tốt nghiệp 
260 |a Đà Nẵng  |b Đại học Sư phạm, Đại học Đà Nẵng  |c 2013 
300 |a 48 tr.  |b Hình mh.  |c 29 cm. 
500 |a Khóa luận tốt nghiệp đại học. Chuyên ngành: Cử nhân Vật lý 
520 |a Thực hiện mạch đếm sản phẩm đi qua và đếm sản phẩm bằng phương pháp đếm mức logic. Như vậy, mỗi sản phẩm đi qua cảm biến sẽ nhận và tạo ra một tín hiệu mức 0 đưa về khối xử lí trung tâm để tăng dần số đếm đồng thời sẽ hiển thị ra led 7 đoạn số sản phẩm đi qua. 
650 0 4 |a Vi điều khiển  |v Khóa luận tốt nghiệp  |x Thiết kế mạch  |x Nghiên cứu 
653 |a Khoa Vật Lý 
653 |a Vi điều khiển 8051 
653 |a Mạch đếm sản phẩm 
653 |a Điện tử 
653 |a Vật lí ứng dụng 
700 1 |a Lê Xứng  |e Hướng dẫn 
OWN |a LSP 
AVA |a UDN50  |b LSP  |d 621.381 NG-T  |e available  |t Error 5001 Not defined in file expand_doc_bib_avail.  |f 1  |g 0  |h N  |i 0  |k 1 
999 |a From the UDN01 
AVA |a UDN50  |b LSP  |d 621.381 NG-T  |e available  |t Error 5001 Not defined in file expand_doc_bib_avail.  |f 1  |g 0  |h N  |i 0  |k 1 
TYP |a Monograph 
TYP |a Printed language 
980 |a Mạng thư viện Đại học Đà Nẵng